00387pam a2200145 a 4500020000500000040002400005041001300029082001300042100002700055245008800082260003200170300001300202365001000215653001600225 c aMedical Collge Libr aENGhENG a658bTHU aThurbin , Patrick J. . aImplementing the Learning Organisation The 17 Day Programme / chTextual Documents a : bPitman pub. , c1994. a826 ; c a50.00 aGenarl Book